| 000 | 00753nam a2200229 i 4500 | ||
|---|---|---|---|
| 001 | 31548 | ||
| 003 | ES-MaACL | ||
| 005 | 20230906154413.0 | ||
| 007 | t| | ||
| 008 | 030129s1980 sp ||||1| spa d | ||
| 100 | 1 |
_aBenevolo, Leonardo. _927554 |
|
| 245 | 1 | 0 |
_aIntroducción a la arquitectura / _cLeonardo Benevolo ; [traducción Floreal Mazia ; revisión: Mercedes Barat]. |
| 250 | _a[1ª ed.]. | ||
| 260 |
_aMadrid : _bH. Blume, _c[1980] |
||
| 300 |
_a276 p., 11 lám. : _bil. ; _c18 cm. |
||
| 490 | 1 | _aBiblioteca Básica de Arquitectura | |
| 700 | 1 |
_aMazía, Floreal. _979475 |
|
| 700 | 1 |
_aBarat, Mercedes. _925337 |
|
| 830 | 0 |
_aBiblioteca Básica de Arquitectura _9181390 |
|
| 852 |
_aES-MaACL _jL-2701 _bR.103564 |
||
| 999 |
_c31548 _d31548 |
||